| 000 | 00000nam##2200000za#4500 |
| 001 | 9.700401 |
| 003 | CaOODSP |
| 005 | 20210625000822 |
| 007 | cr ||||||||||| |
| 008 | 150407|1974||||xxc|||||o f|0| 0 eng|d |
| 040 | |aCaOODSP|beng |
| 043 | |an-cn--- |
| 086 | 1 |aA53-866/1974E-PDF |
| 110 | 1 |aCanada.|bAgriculture Canada. |bInformation Services. |
| 245 | 10|aProducing certified seed of bromegrass in Western Canada / |h[electronic resource]|c[by] R.P. Knowles, D.A. Cooke, and C.R. Elliott. |
| 250 | |aRev. |
| 260 | |aOttawa - Ontario : |bAgriculture Canada. |c1974. |
| 300 | |a20p. |
| 500 | |aHistorical publication digitized by Agriculture and Agri-Food Canada. |
| 590 | |a15-03-Supp|b2015-03-13 |
| 690 | 07|aPlant diseases|2gcpds |
| 720 | 1 |aKnowles, R. P. |
| 720 | 1 |aCooke, D. A. |
| 856 | 40|ahttp://publications.gc.ca|qPDF|s1371 KB|uhttps://publications.gc.ca/collections/collection_2015/aac-aafc/A53-866-1974-eng.pdf |
| 986 | |aPublication 866 |